000
00218 a2200109 4500
020
_a
789992479674
041
_a
spa
100
_a
Jaime Incer Barquero
245
_a
Geografia de Nicaragua
942
_c
BK
952
_7
4
999
_c
23445
_d
23445